Dopad migrácie na hospodársku politiku v Taliansku

Špecifické znaky talianskej migrácie. Stredomorský migračný model verzus Taliansky migračný model. Legislatíva upravujúca problematiku migrácie. Ekonomické dopady migrácie.

Enregistré dans:
Détails bibliographiques
Auteur principal: Kálmanová, Zuzana
Format: Chapitre de livre
Langue:slovaque
Sujets:
Tags: Ajouter un tag
Pas de tags, Soyez le premier à ajouter un tag!

MARC

LEADER 00000nla$a2200000$$$4500
001 0067498
005 20240502071819.2
041 0 |a slo 
044 |a SK 
245 1 0 |a Dopad migrácie na hospodársku politiku v Taliansku  |c Zuzana Kálmanová 
520 |a Špecifické znaky talianskej migrácie. Stredomorský migračný model verzus Taliansky migračný model. Legislatíva upravujúca problematiku migrácie. Ekonomické dopady migrácie. 
610 2 0 |a Taliansko 
610 2 0 |a legislatíva 
610 2 0 |a migrácia 
610 2 0 |a pohyb síl pracovných medzinárodný 
610 2 0 |a pohyb obyvateľstva 
100 1 |a Kálmanová, Zuzana